<?xml version="1.0" encoding="UTF-8"?>
<record
    xmlns:xsi="http://www.w3.org/2001/XMLSchema-instance"
    xsi:schemaLocation="http://www.loc.gov/MARC21/slim http://www.loc.gov/standards/marcxml/schema/MARC21slim.xsd"
    xmlns="http://www.loc.gov/MARC21/slim">

  <leader>00981nam a22002777a 4500</leader>
  <controlfield tag="003">OSt</controlfield>
  <controlfield tag="005">20201027102337.0</controlfield>
  <controlfield tag="008">201027t1998    nosa|||br|||| 00| j eng d</controlfield>
  <datafield tag="020" ind1=" " ind2=" ">
    <subfield code="a">0307988295</subfield>
  </datafield>
  <datafield tag="040" ind1=" " ind2=" ">
    <subfield code="a">CO-JMCR</subfield>
    <subfield code="c">CO-JMCR</subfield>
  </datafield>
  <datafield tag="041" ind1="0" ind2=" ">
    <subfield code="a">spa</subfield>
  </datafield>
  <datafield tag="082" ind1="0" ind2="4">
    <subfield code="a">C /</subfield>
    <subfield code="b">BUNr</subfield>
    <subfield code="2">23</subfield>
  </datafield>
  <datafield tag="100" ind1="1" ind2=" ">
    <subfield code="a">Bunsen, Rick, </subfield>
    <subfield code="e">autor</subfield>
    <subfield code="9">11984</subfield>
  </datafield>
  <datafield tag="245" ind1="1" ind2="0">
    <subfield code="a">Rudolph : </subfield>
    <subfield code="b">the red-nosed reindeer / </subfield>
    <subfield code="c">Adapted by Rick Bunsen ; illustrated by Arkadia</subfield>
  </datafield>
  <datafield tag="260" ind1=" " ind2=" ">
    <subfield code="a">Nueva York : </subfield>
    <subfield code="b">Golden Books, </subfield>
    <subfield code="c">&#xA9;1998</subfield>
  </datafield>
  <datafield tag="300" ind1=" " ind2=" ">
    <subfield code="a">[24] p&#xE1;ginas : </subfield>
    <subfield code="b">principalmente ilustraciones a color ; </subfield>
    <subfield code="c">20 cm.</subfield>
  </datafield>
  <datafield tag="490" ind1="0" ind2=" ">
    <subfield code="a">A little golden book</subfield>
  </datafield>
  <datafield tag="520" ind1="3" ind2=" ">
    <subfield code="a">Una historia navide&#xF1;a sobre un inadaptado, Rudolph, el reno de nariz roja que salva la Navidad.</subfield>
  </datafield>
  <datafield tag="650" ind1="1" ind2="4">
    <subfield code="a">Cuentos infantiles</subfield>
    <subfield code="9">11985</subfield>
  </datafield>
  <datafield tag="650" ind1="1" ind2="4">
    <subfield code="a">Cuentos infantiles</subfield>
    <subfield code="x">navidad</subfield>
    <subfield code="9">11986</subfield>
  </datafield>
  <datafield tag="650" ind1="1" ind2="4">
    <subfield code="a">Ficci&#xF3;n navide&#xF1;a </subfield>
    <subfield code="9">11987</subfield>
  </datafield>
  <datafield tag="650" ind1="1" ind2="4">
    <subfield code="a">Ficci&#xF3;n de renos</subfield>
    <subfield code="9">11988</subfield>
  </datafield>
  <datafield tag="650" ind1="2" ind2="4">
    <subfield code="a">Ficci&#xF3;n de elfos </subfield>
    <subfield code="9">11989</subfield>
  </datafield>
  <datafield tag="710" ind1="1" ind2=" ">
    <subfield code="a">Arkadia</subfield>
    <subfield code="b">ilustrador</subfield>
    <subfield code="9">11990</subfield>
  </datafield>
  <datafield tag="942" ind1=" " ind2=" ">
    <subfield code="2">ddc</subfield>
    <subfield code="c">BK</subfield>
  </datafield>
  <datafield tag="999" ind1=" " ind2=" ">
    <subfield code="c">6977</subfield>
    <subfield code="d">6977</subfield>
  </datafield>
  <datafield tag="952" ind1=" " ind2=" ">
    <subfield code="0">0</subfield>
    <subfield code="1">0</subfield>
    <subfield code="2">ddc</subfield>
    <subfield code="4">0</subfield>
    <subfield code="7">0</subfield>
    <subfield code="8">FIC</subfield>
    <subfield code="a">CPL</subfield>
    <subfield code="b">CPL</subfield>
    <subfield code="d">2020-10-02</subfield>
    <subfield code="e">Donaci&#xF3;n</subfield>
    <subfield code="l">14</subfield>
    <subfield code="o">C / BUNr</subfield>
    <subfield code="p">201810260</subfield>
    <subfield code="r">2026-04-29 16:21:58</subfield>
    <subfield code="s">2026-04-29</subfield>
    <subfield code="t">Ej.1</subfield>
    <subfield code="w">2020-10-27</subfield>
    <subfield code="y">BK</subfield>
  </datafield>
</record>
